Compositions in architecture / (Record no. 352356)
[ view plain ]
| 000 -LEADER | |
|---|---|
| fixed length control field | 01194 a2200277 4500 |
| 003 - CONTROL NUMBER IDENTIFIER | |
| control field | OSt |
| 005 - DATE AND TIME OF LATEST TRANSACTION | |
| control field | 20180116192332.0 |
| 008 - FIXED-LENGTH DATA ELEMENTS--GENERAL INFORMATION | |
| fixed length control field | 120515t xxu||||| |||| 00| 0 eng d |
| 010 ## - LIBRARY OF CONGRESS CONTROL NUMBER | |
| LC control number | 2008039321 |
| 020 ## - INTERNATIONAL STANDARD BOOK NUMBER | |
| International Standard Book Number | 9780470053645 (pbk.) |
| 040 ## - CATALOGING SOURCE | |
| Transcribing agency | 0 |
| 082 00 - DEWEY DECIMAL CLASSIFICATION NUMBER | |
| Classification number | 720 |
| 100 1# - MAIN ENTRY--PERSONAL NAME | |
| Personal name | Hanlon, Donald Livingston. |
| 9 (RLIN) | 1378 |
| 245 10 - TITLE STATEMENT | |
| Title | Compositions in architecture / |
| Statement of responsibility, etc. | by Don Hanlon. |
| 260 ## - PUBLICATION, DISTRIBUTION, ETC. | |
| Place of publication, distribution, etc. | Hoboken : |
| Name of publisher, distributor, etc. | John Wiley & Sons, |
| Date of publication, distribution, etc. | 2009. |
| 300 ## - PHYSICAL DESCRIPTION | |
| Extent | vii. 328p.: |
| Other physical details | ill; |
| Dimensions | 28cm |
| 500 ## - GENERAL NOTE | |
| General note | Includes bibliographycal refrences & indexe |
| 505 0# - FORMATTED CONTENTS NOTE | |
| Formatted contents note | Formal properties of a composition -- Notes on the plan -- Type -- Square -- Layering -- Linear forms -- Core and shell -- Frame and object -- Clusters -- Subtractive spaces and the deep wall -- Articulated skin -- Metamorphosis -- Deformation. |
| 650 #0 - SUBJECT ADDED ENTRY--TOPICAL TERM | |
| Topical term or geographic name entry element | Architectural design. |
| 9 (RLIN) | 1379 |
| 650 #0 - SUBJECT ADDED ENTRY--TOPICAL TERM | |
| Topical term or geographic name entry element | Architecture |
| General subdivision | Composition, proportion, etc. |
| 9 (RLIN) | 1380 |
| 650 #0 - SUBJECT ADDED ENTRY--TOPICAL TERM | |
| Topical term or geographic name entry element | Buildings |
| General subdivision | architecture |
| 9 (RLIN) | 1381 |
| 650 #0 - SUBJECT ADDED ENTRY--TOPICAL TERM | |
| Topical term or geographic name entry element | Structures |
| General subdivision | architecture |
| 9 (RLIN) | 1382 |
| 856 41 - ELECTRONIC LOCATION AND ACCESS | |
| Materials specified | Table of contents only |
| Uniform Resource Identifier | <a href="http://www.loc.gov/catdir/toc/ecip0827/2008039321.html">http://www.loc.gov/catdir/toc/ecip0827/2008039321.html</a> |
| 942 ## - ADDED ENTRY ELEMENTS (KOHA) | |
| Institution code [OBSOLETE] | SADA |
| Koha item type | Book |
| Call number prefix | 720 HAN 2009 |
| Source of classification or shelving scheme | |
| Withdrawn status | Lost status | Source of classification or shelving scheme | Damaged status | Not for loan | Permanent Location | Current Location | Date acquired | Total Checkouts | Total Renewals | Full call number | Barcode | Date last seen | Date last checked out | Cost, replacement price | Price effective from | Koha item type |
|---|---|---|---|---|---|---|---|---|---|---|---|---|---|---|---|---|
| School of Art Design and Architecture (SADA) | School of Art Design and Architecture (SADA) | 11/10/2010 | 7 | 3 | 720 HAN 2009 | SADA0000411 | 02/17/2016 | 01/15/2016 | 3555.00 | 08/05/2011 | Book |
